| 000 | 01367cam a2200349 i 4500 | ||
|---|---|---|---|
| 003 | SA-RiAUC | ||
| 005 | 20250109072601.0 | ||
| 008 | 250107s2000 ua g b 00010 ara c | ||
| 020 | _z977314092 | ||
| 020 | _a977314092X | ||
| 040 |
_aOM-MuSQU _bara _cSA-RiAUC _erda |
||
| 082 | 0 | 4 |
_a254.2 _qSA-RiAUC |
| 090 |
_a254.2 _bف ر ا |
||
| 100 | 1 |
_aفراش، وفاء معتوق حمزة، _d1377 هجري- _eمؤلف. |
|
| 245 | 1 | 2 |
_aالطلاق وآثاره المعنوية والمالية في الفقه الإسلامي / _cتأليف وفاء معتوق حمزة فراش. |
| 250 | _aالطبعة الأولى. | ||
| 264 | 1 |
_aالقاهرة : _bدار القاهرة، _c2000 |
|
| 300 |
_a588 صفحة ؛ _c24 سم |
||
| 336 |
_aنص _btxt _2rdacontent _3كتاب |
||
| 337 |
_aبدون وسيط _bn _2rdamedia |
||
| 338 |
_aمجلد _bnc _2rdacarrier |
||
| 500 | _aيشتمل على كشافات. | ||
| 500 | _aالأصل أطروحة جامعية. | ||
| 504 | _aببليوجرافية : صفحة 547-576. | ||
| 590 | _aأسماء. | ||
| 650 | 7 |
_aالطلاق (فقه إسلامي) _2aucsh |
|
| 650 | 7 |
_aالنفقات (فقه إسلامي) _2aucsh |
|
| 650 | 7 |
_aالأحوال الشخصية للمسلمين _2aucsh |
|
| 650 | 7 |
_aالزواج (فقه إسلامي) _2aucsh |
|
| 942 |
_2ddc _cBOOK _n0 |
||
| 949 |
_aSA-JeALM _d250107 _umohamedma123 _n1 |
||
| 999 |
_c4529 _d4529 |
||